000 00594nam a22001937a 4500
999 _c12371
_d12371
003 AR-CdUCM
008 190408b ||||| |||| 00| 0 spa d
040 _aMUNICIPALIDAD PROVINCIAL DEL CUSCO
_cBIBLIOTECA MUNICIPAL DEL CUSCO
082 _a859.55 /
_bL26 / 1920
100 _aLLona Larriva de, Lastenia
_930202
245 _aEl drama singular :
_bHistoria de una familia
260 _aLima :
_c1920.
300 _a214 pagina ;
_c20 cm.
505 _aContenido :Novela /
650 _aLiteratura peruana
_9169
650 _aNovelas
_9218
942 _2ddc
_cLIBROS
945 _arjall
_d2019-04-08